Egyedülálló eszközzel gazdagodott az intézet az ország második legnagyobb robottávcsöve érkezett Bajára /

Elmentve itt :
Bibliográfiai részletek
Szerző: Márton Anna
Dokumentumtípus: Cikk
Megjelent: 2020-08-22
Sorozat:Petőfi Népe
Kulcsszavak:SZTE Bajai Obszervatórium, Hegedűs Tibor - asztrofizikus - igazgató, Eszközbeszerzés - robottávcső, Csillagászat
Online Access:http://univ.bibl.u-szeged.hu/54999
LEADER 00779nab a2200193 i 4500
001 univ54999
005 20200824141446.0
008 200824s2020 hu o 0|| zxx d
040 |a SZTE UnivHistória Repozitórium  |b hun 
041 |a zxx 
100 1 |a Márton Anna 
245 1 0 |a Egyedülálló eszközzel gazdagodott az intézet   |h [elektronikus dokumentum] :  |b az ország második legnagyobb robottávcsöve érkezett Bajára /  |c  Márton Anna 
260 |c 2020-08-22 
300 |a 4 
490 0 |a Petőfi Népe 
561 |a Egyetemi hirarchívum 
695 |a SZTE Bajai Obszervatórium, Hegedűs Tibor - asztrofizikus - igazgató, Eszközbeszerzés - robottávcső, Csillagászat 
700 0 1 |a Márton Anna 
856 4 0 |u http://univ.bibl.u-szeged.hu/54999/1/11270471.pdf  |z Dokumentum-elérés